000 00675nam a22002297a 4500
999 _c160918
_d160918
005 20190216165021.0
006 a|||||f|||| 00| 0
007 tc
008 180720b xxu||||| |||| 00| 0 eng d
010 _aBR-003114
020 _c05.00
035 _aBR-003114
037 _bA.I.C.B.
082 _aS
100 _aGabriel, M.C.
245 _aA Tale of Trouble
_cby H.C. Gabriel
260 _aNew Delhi
_bA.C.I.B.
_cN.D.
270 _aSector-5, Rohini,
_bNew Delhi
_e110085
300 _avarious pages.
_c30cm(HB).
942 _2ddc
_cBRLEN
_hS
_mGAB